000
00341 a2200157 4500
001
59924
020
_a
9783781719538
040
_c
Anchieta - Pituba
100
_a
Spradlin, Michael P.
240
1
0
_a
Die templer
_l
por
245
1
0
_a
Die templer
300
_a
270
362
0
_a
2008
650
4
_a
Literatura juvenil em alemão
942
_c
BK
999
_c
59924
_d
59924